00359nam a2200097Ia 4500001000400000008004100004082002100045100006300066245009700129260003500226929241024s9999 xx 000 0 und d aRD/379.129/R426t aRepública Dominicana.Secretaria de Estado de Educación 0aEl tema formación en los programas y proyectos con apoyo de la cooperación internacional bDirección de Proyectosc2008